000 00764nam a2200265Ia 4500
003 GCL
008 140319s9999 xx 000 0 ara d
040 _aGCL /
_cGCL
082 0 4 _a330.1
_bك م
100 1 _aكامل بكرى
245 1 0 _aمقدمة فى الاقتصاد الجزئى والتجميعى /
_cكامل بكرى
260 _a[S.N] :
_bمؤسسة شباب الجامعة ،
_c1984
300 _a372 ص
490 _a
650 0 4 _aالاقتصاد الكلى
650 0 4 _aالاقتصاد
650 0 4 _aنظريات
650 0 4 _aالاحتكار
650 0 4 _aالاقتصاد الجزئى
650 0 4 _aالانتاج
650 0 4 _aالمنافسة
650 0 4 _aالاستهلاك
650 0 4 _aالسوق
942 _2ddc
_cBK
999 _c45809
_d45809